Cercle de Comparació Intermunicipal d'esports : resultats resultats
Publicado:
Barcelona :
Diputació de Barcelona. Àrea d'Esports. Servei d'Esports : Àrea de Govern Local. Servei de Programació ,
2006
Descripción Física:
3 volums : gràfics ; 29 cm
Materias:
Esports -- Barcelona (Catalunya : Província)
; Esports -- Barcelona (Província) -- Estadístiques
Idioma:
Catalán
MARC
| LEADER | 00000nam a2200000Ia 4500 | ||
|---|---|---|---|
| 001 | 20957 | ||
| 003 | Arxiu | ||
| 005 | 20260324175944.0 | ||
| 008 | 160829m20062008spc xx s s0 cat c | ||
| 040 | |a AGDB | ||
| 080 | |a P-1-80 | ||
| 080 | |a P-1-78 | ||
| 080 | |a P-1-82 | ||
| 245 | 0 | 0 | |a Cercle de Comparació Intermunicipal d'esports : |b resultats |
| 260 | |a Barcelona: |b Diputació de Barcelona. Àrea d'Esports. Servei d'Esports : |b Àrea de Govern Local. Servei de Programació, |c 2006-2008 | ||
| 300 | |a 3 volums : |b gràfics ; |c 29 cm | ||
| 310 | |a Anual | ||
| 590 | |a Recull dels documents de les sessions de treball dels Cercles de Comparació durant l'any 2005 | ||
| 590 | |a Recull dels documents de les sessions de treball dels Cercles de Comparació durant l'any 2007 | ||
| 650 | 0 | |a Esports |z Barcelona (Catalunya : Província) |9 34361 | |
| 650 | 0 | |a Esports |9 39551 |2 Arxiu |x Barcelona (Província) |x Estadístiques | |
| 710 | 2 | |a Cercles de Comparació Intermunicipal |9 53629 | |
| 710 | |a Barcelona (Catalunya : Província). |b Servei de Programació |9 53631 |e entitat editora | ||
| 710 | 1 | |a Barcelona (Catalunya : Província). |b Servei d'Esports |9 53772 |e entitat editora | |
| 710 | 1 | |a Barcelona (Catalunya : Província). |b Gerència de Serveis d'Esports |9 51915 | |
| 866 | |a 2005 | ||
| 866 | |a 2006 | ||
| 866 | |a 2007 | ||
| 901 | |a Arxiu | ||
| 942 | |n 1 |2 udc |c ARXIU | ||
| 952 | |0 0 |1 0 |4 0 |7 1 |9 50621 |a Arxiu |b Arxiu |d 2023-04-03 |h 2005 (3a edició) |o P-1-80 |p 20957 |r 2016-12-01 00:00:00 |w 2016-12-01 |y ARXIU | ||
| 952 | |0 0 |1 0 |4 0 |7 1 |9 51901 |a Arxiu |b Arxiu |d 2023-04-03 |h 2006 (4a edició) |o P-1-78 |p 19927 |r 2016-12-01 00:00:00 |w 2016-12-01 |y ARXIU | ||
| 952 | |0 0 |1 0 |4 0 |7 1 |9 52416 |a Arxiu |b Arxiu |d 2023-04-03 |h 2007 (5a edició) |o P-1-82 |p 21217 |r 2016-12-01 00:00:00 |w 2016-12-01 |y ARXIU | ||
| 999 | |c 54463 |d 54463 | ||